Normal view
MARC view
- Abdullah, Chaouki , Dorato, Peter
Entry Personal Name
001 - CONTROL NUMBER
- control field: 65745
003 - CONTROL NUMBER IDENTIFIER
- control field: NUST
005 - DATE AND TIME OF LATEST TRANSACTION
- control field: 20210628203502.0
008 - FIXED-LENGTH DATA ELEMENTS
- fixed length control field: 210628|| aca||aabn | a|a d
040 ## - CATALOGING SOURCE
- Original cataloging agency: NUST
- Transcribing agency: NUST
100 ## - HEADING--PERSONAL NAME
- Personal name: Abdullah, Chaouki , Dorato, Peter
670 ## - SOURCE DATA FOUND
- Source citation: Work cat.: (NUST): Abdullah, Chaouki , Dorato, Peter, Linear quaderatic control , an introduction, 1995
